Регионална библиотека "Любен Каравелов" - Русе

Властта на тайните общества през ХХ век или Защо човек не управлява света [Тайните общества. Т. 1] (Запис номер 83201)

MARC детайли
000 -Лидер
Контролно поле с фиксирана дължина 02788nam a2200421 c 4500
003 - Код на организацията, давaща контролен номер
Контролно поле BLK
005 - Дата и час на последна редакция
Контролно поле 20230805133733.0
008 - Елементи от данни с фиксирана дължина
fixed length control field 180408b bul|||||r ||||||| ||bul||
010 ## - Наследен системен номер
LC control number KNG00087746000
020 ## - Международен стандартен номер на книга ISBN
Международен стандартен номер на книга ISBN 978-954-90339-1-5
-- издат.: Оргон
040 ## - Източник на каталожния запис
Идентификатор на билиотеката - собственик на записа BLK
041 ## - Код за език
Код за езика на текст/звукозапис или на отделно заглавие Български
Код за езика КДБФ Български
080 ## - УДК
Текстов определител УДК Организации, асоциации, движения със специални цели и/или области на дейност. Професионални асоциации(Ку-клукс-клан, масони, окултни движения, орден на тамплиерите).
УДК код - определител по УДК 061.23
УДК определител "19"(02.062)
УДК - код + определител 061.23"19"(02.062)
080 ## - УДК
Текстов определител УДК Международни политически отношения. Световна политика. Международна политика. Дипломация
УДК код - определител по УДК 327
УДК определител (100)(02.062)
УДК - код + определител 327(100)(02.062)
080 ## - УДК
Текстов определител УДК Обща световна история. История на света
УДК код - определител по УДК 930.9
УДК определител (02.062)
УДК - код + определител 930.9(02.062)
100 1# - Редна дума - Автор
Автор Хелсинг, Ян ван
Авторска отговорност първи автор
R(LIN) 136727
139 ## - Редно поле
Редна дума Хелсинг, Ян ван
Авторски знак Хел - Х 40
245 10 - Сведения за заглавието
Заглавие Властта на тайните общества през ХХ век или Защо човек не управлява света [Тайните общества. Т. 1]
Подзаглавни данни Пътеводител на намесата на ложите в едрите финанси и властта. Тристранна комисия, Билдербергери, Съвет за външна политика, ООН
Редно поле (дума) Ян ван Хелсинг; прев. Светослав Коев; * Ян Удо Холей.
257 ## - Страна на издаване
Страна на създаване/издаване Германия
260 ## - Област на издателските данни
-- София
Име на издателя, разпространителя и проч. Оргон
Година на издаване 2009
Печатница София : Монт
300 ## - Физическа характеристика
Страници 336 с.
Илюстрации и др. с ил.
Размери/Мащаб 22 см
380 ## - Жанр
Жанр Общ отдел
500 ## - Общи забележки
Забележка Ориг. загл. Geheimgesellschaften und ihre Macht im 20. Jahrhundert / Jan van Helsing. - Библиогр. с. 331-335. - Истинското име на авт. е Ян Удо Холей. - Офс. изд. - В кн. означено т. 1.
650 #4 - Допълнително описание по предмет – тема
Основно описание – тема или топоним Тайни общества - история
9 (RLIN) 300868
650 #4 - Допълнително описание по предмет – тема
Основно описание – тема или топоним История - роля на тайните общеста
9 (RLIN) 300869
650 #4 - Допълнително описание по предмет – тема
Основно описание – тема или топоним Политика - роля на тайните общества
9 (RLIN) 300870
653 ## - Ключова дума – ненормативна
Ключова дума тайни общества
653 ## - Ключова дума – ненормативна
Ключова дума световна конспирация
653 ## - Ключова дума – ненормативна
Ключова дума политика
700 1# - Други автори (авторска отговорност)
Лично име Коев, Светослав
Автороска отговорност (Описва отношението между автора и произведението) прев.
9 (RLIN) 370485
700 1# - Други автори (авторска отговорност)
Лично име Холей, Ян Удо
Автороска отговорност (Описва отношението между автора и произведението) *
9 (RLIN) 297470
852 ## - Местоположение
Форматна сигнатура Цб 242778
856 4# - Електронен адрес и достъп
Електронен формат pdf - файл
Път до файла /url/
856 4# - Електронен адрес и достъп
Електронен формат pdf - файл
Път до файла /url/
942 ## - АРТИКУЛИ
Вид на библиотечния материал Книги
Скрит в OPAC Не
Koha issues (borrowed), all copies 7
944 ## - СЪЗДАВАНЕ И РЕДАКЦИЯ на ЗАПИСА
Създаване/Редакция Създаване
Дата на регистрацията/редакция 11.02.2009
Статус, дата на статуса Иваничка Йорданова
Служител, извършил регистрацията/редакцията 30553
944 ## - СЪЗДАВАНЕ И РЕДАКЦИЯ на ЗАПИСА
Създаване/Редакция Редакция
Дата на регистрацията/редакция 17.09.2015
Статус, дата на статуса ф /
Служител, извършил регистрацията/редакцията Людмила_Стоянова
999 ## - СИСТЕМНИ КОНТРОЛНИ НОМЕРА
Koha biblionumber 83201
Koha biblioitemnumber 83201
Наличности
Код за отписване Код за изгубен артикул Източник на класификационната схема Код за повреда Коз за рестрикции Код за отдаване Артикулен № Име на библиотеката - собственик Име на библиотеката, в която се намира в момента Статус (Текущо местоположение) Дата на вписване в системата Местоположение - отдел Цена в лева Инвентарен номер Систематично азбучна сигнатура Баркод Номер на екземпляра Цена в евро Служебна бележка Служебен тип на артикула
Изтеглен Не е изгубен Universal Decimal Classification Не е повреден без рестрикции заемане за дома 135317 Регионална библиотека "Любен Каравелов" Русе Регионална библиотека "Любен Каравелов" Русе Заемна - подръчен фонд 2009-02-11 Подвързия, Комплектуване 15.90 120000733480 П 06/Х 40 120000733480 1 8.13 Дост: Pk Вид: Ф N: 14316 Дата: 05.02.2009 Дата инв: 01.02.2018 Бележки инв: П2018 Книги
  Не е изгубен   Не е повреден без рестрикции заемане за дома 135318 Регионална библиотека "Любен Каравелов" Русе Регионална библиотека "Любен Каравелов" Русе Заемна - подръчен фонд 2009-02-19 Заемна - подръчен фонд 15.90 120000733700 П 06/Х 40 120000733700 2 8.13 Дост: Pk Вид: Ф N: 299 Дата: 16.02.2009 Дата инв: 01.02.2018 Бележки инв: П2018 Книги
Vip Innovations Ltd, Rousse, Bulgaria 2025